[Event "IRI-ch U10"]
[Site "Chess.com INT"]
[Date "2021.01.16"]
[Round "5"]
[White "Boozhmehrani, Mehrab"]
[Black "Naderiyan, Amir Hosein"]
[Result "0-1"]
[WhiteElo "1017"]
[BlackElo "1257"]
[PlyCount "138"]
[EventDate "2021.01.16"]
[EventType "swiss"]
[EventRounds "11"]
[EventCountry "IRI"]
[SourceTitle "EXT 2022"]
[Source "ChessBase"]
[SourceDate "2021.10.06"]
[SourceVersion "1"]
[SourceVersionDate "2021.10.06"]
[SourceQuality "1"]

1. e4 c5 2. Nf3 e6 3. d4 cxd4 4. Nxd4 a6 5. Nc3 b5 6. a3 Bb7 7. Be2 Qc7 8. 0-0 d6 9. Be3 Nf6 10. Bf3 Nbd7 11. Qe2 Rc8 12. Bg5 Be7 13. a4 b4 14. Na2 0-0 15. Nxb4 Qc5 16. c3 Qxg5 17. Nxa6 Bxa6 18. Qxa6 Nc5 19. Qe2 Qg6 20. Rfe1 Ncd7 21. a5 Ne5 22. a6 Ra8 23. a7 Rfc8 24. Qb5 Nxf3+ 25. Nxf3 Nxe4 26. Qb7 Nc5 27. Qxe7 d5 28. Ne5 Qf6 29. Qxf6 gxf6 30. Ng4 f5 31. Ne5 Rc7 32. Re3 Rcxa7 33. Rg3+ Kf8 34. Rf1 f6 35. Nc6 Ra6 36. Nb4 Ne4 37. Nxa6 Nxg3 38. fxg3 Rxa6 39. h3 Rb6 40. b4 Rc6 41. b5 Rc5 42. Rb1 Rxc3 43. b6 Rc8 44. b7 Rb8 45. Rb6 Ke7 46. Kf2 e5 47. Rb5 d4 48. Ke2 Kd6 49. Kd3 Kc6 50. Rb1 Rxb7 51. Rxb7 Kxb7 52. Kc4 Kc6 53. Kd3 Kd5 54. h4 h5 55. Kd2 e4 56. Ke2 Kc4 57. Kd2 d3 58. Ke3 Kc3 59. Kf4 d2 60. Kxf5 d1Q 61. Kxf6 Qe2 62. Kg5 Qxg2 63. Kxh5 Qxg3 64. Kh6 e3 65. Kh5 e2 66. Kh6 e1Q 67. h5 Qe8 68. Kh7 Qeg8+ 69. Kh6 Q3g7# 0-1